Cuéntame cómo fue: introducción a la historia oral
Збережено в:
| Автори: | , |
|---|---|
| Формат: | Книга |
| Мова: | Іспанська |
| Опубліковано: |
Buenos Aires
Imago Mundi
2008
|
| Редагування: | 1a. ed |
| Серія: | Serie Historia
|
| Предмети: | |
| Теги: |
Додати тег
Немає тегів, Будьте першим, хто поставить тег для цього запису!
|
MARC
| LEADER | 00000nam a2200000 a 4500 | ||
|---|---|---|---|
| 001 | UCI9321 | ||
| 003 | CL-VaPUC | ||
| 008 | 081113e20080000AG |||||||||||||||||spa|d | ||
| 020 | |a 9789507930799 | ||
| 082 | 0 | 4 | |a 808.83 |b NEC |2 21 |
| 100 | |a Necoechea Gracia, Gerardo |e autor |9 532981 | ||
| 700 | 0 | |a Pozzi, Pablo |e author |9 532982 | |
| 245 | 1 | 0 | |a Cuéntame cómo fue: introducción a la historia oral |
| 250 | |a 1a. ed | ||
| 300 | |a 150 p | ||
| 942 | |c BK | ||
| 945 | |d 20081113 00:00:00 |a rbrito | ||
| 260 | |a Buenos Aires |b Imago Mundi |c 2008 | ||
| 650 | 0 | |a Narración |9 310539 | |
| 650 | 0 | |a Oralidad |9 532983 | |
| 650 | 0 | |a Cambio social |9 256857 | |
| 650 | 0 | |a Retórica |9 266620 | |
| 583 | |a last modification |c 20081113 00:00:00 |k Rodrigo Vera | ||
| 490 | 0 | |a Serie Historia | |
| 999 | |c 331883 |d 331881 | ||
| 952 | |0 0 |1 0 |4 0 |6 808_830000000000000_NEC_2008 |7 0 |8 A |9 419088 |a BIBCUR |b BIBCUR |d 2019-11-22 |i 4496272 |o 808.83 NEC 2008 |p 4496272 |r 2025-04-22 |w 2019-11-22 |y BK |k MGC | ||